LEADER 01480nam0 22003731i 450 001 UON00448076 005 20231205105027.454 010 $a88-7021-655-1 100 $a20141203d1993 |0itac50 ba 101 $aita 102 $aIT 105 $a|||| ||||| 200 1 $aˆAl ‰Marocco$eda Tangeri a Fez e ritorno$fPierre Loti 205 $aPadova : F. Muzzio$b1993 210 $aXI$d235 p. ; 22 cm 215 $aTit. orig. Au Maroc 316 $aFondo Lucentini$5IT-UONSI F.L.0115 410 1$1001UON00448077$12001 $aAritroso$v8 500 1$3UON00448079$aAu Maroc$929644 606 $aMarocco$xDescrizioni e viaggi$3UONC018267$2FI 606 $aViaggi$3UONC006762$2FI 620 $aIT$dPadova$3UONL000153 676 $a923.9$cBiografia. Esploratori, geografi, pionieri.$v21 700 1$aLOTI$bPierre$3UONV013235$0201949 712 $aFranco Muzzio Editore$3UONV258992$4650 790 1$aVIAUD, Louis-Marie-Julien$zLOTI, Pierre$3UONV048627 801 $aIT$bSOL$c20260410$gRICA 899 $aSIBA - SISTEMA BIBLIOTECARIO DI ATENEO E ARCHIVIO STORICO$2UONSI 912 $aUON00448076 950 $aSIBA - SISTEMA BIBLIOTECARIO DI ATENEO E ARCHIVIO STORICO$dSI F.L. 0115 $eSI 11842 7 Fondo Lucentini$sBuono 966 $aviaggi e viaggiatori$yViaggi$3UONC005961 966 $aVIAGGIATORI - BIOGRAFIE$yViaggi$3UONC002225 996 $aAu Maroc$929644 997 $aUNIOR